000
00335nam a22001457a 4500
008
230516b ||||| |||| 00| 0 eng d
020
_a
9781939402219
041
_a
eng
080
_2
14TH EDITION
_a
530
082
_a
530EIC
100
_a
24
101
_a
KAPITA
245
_a
REAL WORLD GLOBALIZATION
_c
EICHACKER.N
942
_2
udc
_c
BK
999
_c
59746
_d
59746